Normal view
MARC view
Entry Personal Name
001 - CONTROL NUMBER
- control field: 62094
003 - CONTROL NUMBER IDENTIFIER
- control field: dpl
005 - DATE AND TIME OF LATEST TRANSACTION
- control field: 20240215112215.0
008 - FIXED-LENGTH DATA ELEMENTS
- fixed length control field: 240215|| aca||aabn | a|a d
040 ## - CATALOGING SOURCE
- Original cataloging agency: dpl
- Transcribing agency: dpl
100 ## - HEADING--PERSONAL NAME
- Personal name: घुना, श्याम सिंह
670 ## - SOURCE DATA FOUND
- Source citation: Work cat.: (dpl)200465: घुना, श्याम सिंह , हिमाचल की लोक संस्कृति /, 2023
